000 00291nam a22001337a 4500
008 170612b xxu||||| |||| 00| 0 eng d
020 _a9781439119129
041 _aeng
080 _a32
100 _a19
101 _aSHP
245 _aLIBERTY;S SUREST GUARDIAN
_cSURI, J
942 _2udc
_cBK
999 _c16973
_d16973